Soft landing for commercial rents (Record no. 68882)

MARC details
000 -LEADER
fixed length control field 00982cam a2200217 4500
001 - CONTROL NUMBER
control field WB3744-09
008 - FIXED-LENGTH DATA ELEMENTS--GENERAL INFORMATION
fixed length control field 011121n2001 000 0 eng u
035 ## - SYSTEM CONTROL NUMBER
System control number (Sirsi) u115659
245 ## - TITLE STATEMENT
Title Soft landing for commercial rents
260 ## - PUBLICATION, DISTRIBUTION, ETC.
Date of publication, distribution, etc. 2001
490 ## - SERIES STATEMENT
Series statement RICS Press Release
Volume/sequential designation (pr150) 20 November 2001, (2)
520 ## - SUMMARY, ETC.
Summary, etc. RICS publishes its first forecast for rental movements in the UK commercial property sector in the next two years. It predicts commercial property rental growth will be reduced to 2.5% in 2002 before recovering to 3.1% in 2003. Economic slowdown is the key factor to the limiting of growth but the danger of rental falls is much less than in the early 1990s recession.
590 ## - LOCAL NOTE (RLIN)
Local note WB
650 ## - SUBJECT ADDED ENTRY--TOPICAL TERM
Topical term or geographic name entry element RICS ECONOMIC FORECASTS
650 ## - SUBJECT ADDED ENTRY--TOPICAL TERM
Topical term or geographic name entry element PROPERTY-COMMERCIAL PROPERTY
650 ## - SUBJECT ADDED ENTRY--TOPICAL TERM
Topical term or geographic name entry element CONSUMER SPENDING
650 ## - SUBJECT ADDED ENTRY--TOPICAL TERM
Topical term or geographic name entry element ECONOMIC DOWNTURN
650 ## - SUBJECT ADDED ENTRY--TOPICAL TERM
Topical term or geographic name entry element COMMERCIAL BUILDING
690 ## - LOCAL SUBJECT ADDED ENTRY--TOPICAL TERM (OCLC, RLIN)
Topical term or geographic name as entry element PROPERTY-COMMERCIAL PROPERTY-COMMERCIAL PROPERTY MARKET
942 ## - ADDED ENTRY ELEMENTS (KOHA)
Suppress in OPAC 0
Holdings
Withdrawn status Lost status Source of classification or shelving scheme Damaged status Not for loan Home library Current library Shelving location Date acquired Total Checkouts Full call number Barcode Date last seen Copy number Price effective from Koha item type
    Dewey Decimal Classification     London London News article 21/11/2001   WB3744-09 115659-1001 06/08/2019 1 06/08/2019 News article